Rugby // Classement 6 Nations - Statistiques

Statistiques générales
  • Ce quiz a été pris 376 fois
  • Le résultat moyen est 4 sur 6
Statistiques - réponses
Hint Réponse % Correct
Second France
79%
Premier Irlande
73%
Quatrième Ecosse
71%
Troisième Angleterre
67%
Sixième Pays de Galles
65%
Cinquième Italie
55%
Aucun quiz correspondant
Distribution des résultats
% des personnes avec chaque résultat
Percentile par nombre de réponses
Votre historique - résultats
Vous n’avez pas pris ce quiz